logo

Bir Sreshtho Munshi Abdur Rouf Library
Jhenaidah Cadet College

The first round, Indo-Pakistan war 1965 / (Record no. 8459)

MARC details
000 -LEADER
fixed length control field 00765cam a2200265 i 4500
001 - CONTROL NUMBER
JCCL Control Number 8459
003 - CONTROL NUMBER IDENTIFIER
JCCL marc code BD-JhCC
005 - DATE AND TIME OF LATEST TRANSACTION
control field 20180224201714.0
008 - FIXED-LENGTH DATA ELEMENTS--GENERAL INFORMATION
fixed length control field 800815s1979 ii a 001 0 eng
020 ## - INTERNATIONAL STANDARD BOOK NUMBER
International Standard Book Number 070690978X
035 ## - SYSTEM CONTROL NUMBER
system control number (BD-JhCC)8459
040 ## - CATALOGING SOURCE
Original cataloging agency DLC
Transcribing agency DLC
Modifying agency DLC
-- BD-JhCC
041 ## - LANGUAGE CODE
Language code of Book eng
050 00 - LIBRARY OF CONGRESS CALL NUMBER
Classification number DS386
Item number .A69
082 00 - DEWEY DECIMAL CLASSIFICATION NUMBER
Classification number 954.9/045
DDC Edition number 19
Author mark and Year ASG 1979
100 1# - MAIN ENTRY--PERSONAL NAME
Personal name Asghar Khan, Mohammad,
Dates associated with a name 1921-
245 14 - TITLE STATEMENT
Title The first round, Indo-Pakistan war 1965 /
Statement of responsibility, etc M. Asghar Khan ; foreword by Altaf Gauhar.
250 ## - EDITION STATEMENT
Edition statement 1st Indian ed.
260 ## - PUBLICATION, DISTRIBUTION, ETC. (IMPRINT)
Place of publication, distribution, etc Sahibabad, Dist. Ghaziabad :
Name of publisher, distributor, etc Vikas,
Date of publication, distribution, etc 1979.
300 ## - PHYSICAL DESCRIPTION
Pagination xx, 146 p. :
Other physical details ill. ;
Dimensions 23 cm.
500 ## - GENERAL NOTE
General note Includes index.
650 #0 - SUBJECT ADDED ENTRY--TOPICAL TERM
Topical term or geographic name as entry element India-Pakistan Conflict, 1965.
942 ## - ADDED ENTRY ELEMENTS (KOHA)
Source of classification or shelving scheme Dewey Decimal Classification
Koha item type Books
Holdings
Source of classification or shelving scheme Damaged status Not for loan Home library Current library Shelving location Total Checkouts Full call number Barcode Date last seen Copy number Koha item type
Dewey Decimal Classification     JCC Rouf Library JCC Rouf Library General Stacks   954.9/045 ASG 1979 10987 02/24/2018 C - 1 Books

JCC Library | Contacts | JCC Home

Last Update on 23 September 2017
Copyright @ 2017-2020 JCC Rouf Library
Rouf Library, Jhenidah Cadet College (JCC), Bangladesh